| 000 | 00902nam a2200229Ia 4500 | ||
|---|---|---|---|
| 001 | 18056 | ||
| 003 | GE_BSU | ||
| 008 | 181216s||||||||xx |||||||||||||| ||und|| | ||
| 040 | _cGE_BSU | ||
| 080 | _a81'373.21(075.8) | ||
| 100 | _aღლონტი, ალექსანდრე | ||
| 245 | _aტოპონიმიკური ძიებანი. ნაწ. 1. | ||
| 245 | _bდამხმ. სახელმძღვ. უმაღლ. სასწავლებელთა ფილოლოგიის ფაკ-ტის სტუდ-ს | ||
| 245 | _cრედ. შ.ძიძიგური | ||
| 260 | _aთბილისი | ||
| 260 | _bთბილ. უნ-ტის გამ-ბა | ||
| 260 | _c1971 | ||
| 300 | _a107 გვ.22სმ. | ||
| 653 | _aტოპონიმიკა | ||
| 653 | _aტოპონიმიკური ძიებანი | ||
| 942 | _cBK | ||
| 999 |
_c51099 _d51099 |
||